000 01203nam a2200289Ia 4500
003 OSt
005 20221005111933.0
006 a|||||r|||| 00| 0
007 ta
008 221004b |||||||| |||| 00| 0 san d
020 _a9789386554611 (hbk)
_cINR 375.00
024 _a66017
037 _b288, 22/01/2020, Eastern Book Linkers
_cTextual
040 _aCRL
_cCRL
_bsan
041 _2san
_asan
082 _aO15,1A2:g, 152Q8
100 _aउपाध्याय, रामजी, ले.
245 0 _aमहाभारतीय सुभाषित - रत्नावली
246 _aMahābhāratīya subhāṣhit - ratnāvalī
260 _aवाराणसी
_bचौखम्बा सुरभारती प्रकाशन भारत
_c2018
300 _a175पृ0
_ccm.
490 _aचौखम्बा सुरभारती ग्रंथमाला; 639
650 _a संस्कृत साहित्य
650 _aसंस्कृत कविता
942 _hO15,1A2:g, 152Q8
_cTEXL
_2cc
999 _c1023355
_d1023355